Normal view
MARC view
- Filología Española
Entry TÉRMINO TEMÁTICO
001 - NUMERO DE CONTROL DEL REGISTRO
- campo de control: 32950
003 - IDENTIFICADOR DEL NUMERO DE CONTROL
- campo de control: ES-SlBCS
005 - FECHA Y HORA DE LA ULTIMA TRANSACCION
- campo de control: 20210327223016.0
008 - ELEMENTOS DE LONGITUD FIJA
- campo de control de longitud fija: 210327|| aca||aabn | a|a d
040 ## - FUENTE DE LA CATALOGACION
- Agencia que crea de manera original el registro: ES-SlBCS
- Agencia que realiza la transcripción: ES-SlBCS
150 ## - ENCABEZAMIENTO - TEMÁTICO
- Encabezamiento temático: Filología Española
- Subdivisión de forma: Diccionarios
670 ## - FUENTE EN LA QUE SE LOCALIZARON DATOS
- Cita de la fuente: Work cat.: (ES-SlBCS)261416: Le Men Loyer, Janick-Yvonne 9104, Repertorio de Léxico Leonés I A-C, 2003
